ბათუმის შოთა რუსთაველის სახელმწიფო უნივერსიტეტის ბიბლიოთეკა

ლეგენდის გაგრძელება (ბიბ.ჩანაწერი № 48704)

000 -LEADER
fixed length control field 00842nam a2200229Ia 4500
001 - CONTROL NUMBER
control field 15604
003 - CONTROL NUMBER IDENTIFIER
control field GE_BSU
008 - FIXED-LENGTH DATA ELEMENTS--GENERAL INFORMATION
fixed length control field 181216s||||||||xx |||||||||||||| ||und||
040 ## - CATALOGING SOURCE
Transcribing agency GE_BSU
080 ## - UNIVERSAL DECIMAL CLASSIFICATION NUMBER
Universal Decimal Classification number 821.161.1-32
100 ## - MAIN ENTRY--PERSONAL NAME
Personal name კუზნეცოვი, ა.
245 ## - TITLE STATEMENT
Title ლეგენდის გაგრძელება
245 ## - TITLE STATEMENT
Remainder of title ნაწერი მოთხრობა
245 ## - TITLE STATEMENT
Statement of responsibility, etc. თარგმ. ვ. საათაშვილისა. რედ. გ. გვერდწითელი. მხატვ. რ. მახარაძე
260 ## - PUBLICATION, DISTRIBUTION, ETC.
Place of publication, distribution, etc. თბილისი
260 ## - PUBLICATION, DISTRIBUTION, ETC.
Name of publisher, distributor, etc. ნაკადული
260 ## - PUBLICATION, DISTRIBUTION, ETC.
Date of publication, distribution, etc. 1961
300 ## - PHYSICAL DESCRIPTION
Extent 226გვ. ; 21სმ
653 ## - INDEX TERM--UNCONTROLLED
Uncontrolled term ლეგენდის გაგრძელება
653 ## - INDEX TERM--UNCONTROLLED
Uncontrolled term ნაწერი მოთხრობა
942 ## - ADDED ENTRY ELEMENTS (KOHA)
Koha item type წიგნი
ეგზემპლარები
Withdrawn status Lost status Damaged status Not for loan Date acquired Barcode Date last seen Price effective from Koha item type
        2018-12-17 21208 2018-12-17 2018-12-17 წიგნი